Statistiques concernant La Chronique des Bridgerton : Les personnages en images

Cliquez ici pour prendre le quiz!

Statistiques générales

  • Ce quiz a été pris 629 fois
  • Le résultat moyen est 18 sur 36

Statistiques - réponses

Réponse% Correct
Daphne Bridgerton
98%
Colin Bridgerton
95%
Lord Anthony Bridgerton
95%
Eloise Bridgerton
94%
Benedict Bridgerton
90%
Penelope Featherington
85%
Simon Basset
84%
Lady Violet Bridgerton
76%
Francesca Bridgerton
75%
Gregory Bridgerton
72%
Kate Sharma
72%
Reine Charlotte
66%
Hyacinthe Bridgerton
65%
Edwina Sharma
61%
Lord Edmund Bridgerton
55%
Lady Danbury
51%
Marina Thompson
47%
Theo Sharpe
43%
Genevieve Delacroix
42%
Prudence Featherington
41%
Lady Portia Featherington
40%
Philipa Featherington
37%
Brimsley
36%
Roi Georges III
34%
Cressida Cowper
30%
Lord Archibald Featherington
30%
Lady Cowper
27%
Siena Rosso
27%
Rose Nolan
24%
Will Mondrich
21%
Lord Nigel Berbrooke
17%
Madame Varley
14%
Lord Jack Featherington
13%
Henry Granville
9%
Prince Friederich
6%
Madame Wilson
3%

Distribution des résultats

Percentile par nombre de réponses

% des personnes avec chaque résultat

Votre développement - résultats

Vous n’avez pas pris ce quiz